La ciudad y las leyes: lo que hace a Grecia, 2. Seminarios 1983-1984 La creación humana III

Saved in:
Bibliographic Details
Main Author: Castoriadis, Cornelius 1922-1997 (Author)
Format: Book
Language:Spanish
Published: Buenos Aires Fondo de Cultura Económica 2012
Edition:1a. ed
Series:Sección de Obras de Filosofía
Subjects:
Tags: Add Tag
No Tags, Be the first to tag this record!

MARC

LEADER 00000cam a2200000 a 4500
001 UCC3470
003 CL-VaPUC
008 180518e20120000ag |||||||||||||||||spa|d
020 |a 9782020971416 
082 0 4 |a 190  |b CAS  |2 21 
100 |a Castoriadis, Cornelius  |e author  |d 1922-1997  |9 441896 
245 1 3 |a La ciudad y las leyes: lo que hace a Grecia, 2. Seminarios 1983-1984 La creación humana III 
250 |a 1a. ed 
300 |a 381 p 
942 |c BK 
945 |d 20180518 12:56:00  |a arojas 
260 |a Buenos Aires  |b Fondo de Cultura Económica  |c 2012 
650 0 |a Filosofía contemporánea  |9 265372 
650 0 |a Teoría del conocimiento   |9 255038 
650 0 |a Epistemología   |9 264994 
650 7 |a FILOSOFIA POLITICA  |2 CL-VaPUC  |9 597461 
650 0 |a Naturaleza humana   |9 308593 
583 |a last modification  |c 20180518 12:56:00  |k Rodrigo Vera 
490 0 |a Sección de Obras de Filosofía 
999 |c 371168  |d 371166 
952 |0 0  |1 0  |3 erb  |4 0  |6 190_000000000000000_CAS_2012  |7 0  |8 A  |9 488074  |a BIBEDU  |b BIBEDU  |i 5470153  |l 1  |o 190 CAS 2012  |p 5470153  |r 2023-10-11  |s 2023-08-29  |w 2019-11-24  |y BK  |z Catalogado en:20180518  |k FIL